[Event "XXVI Weekend Open FIDE"]
[Site "Robecchetto con Induno ITA"]
[Date "2015.07.26"]
[Round "5"]
[White "Biava, Pierluigi"]
[Black "Torretta, Gilberto"]
[WhiteElo "1588"]
[BlackElo "1648"]
[Result "1-0"]
[PlyCount "103"]
[EventDate "2015.07.24"]

1. e4 e5 2. f4 exf4 3. Nf3 d6 4. Bc4 Nf6 5. O-O Nc6 6. d3 Be7 7. Bxf4 Bg4 8. c3
Qd7 9. b4 a6 10. Nbd2 Rd8 11. Qe2 b5 12. Bb3 Ne5 13. d4 Ng6 14. Qe3 O-O 15.
Rae1 Qc8 16. e5 dxe5 17. Nxe5 Nxe5 18. Bxe5 Bh5 19. Qg3 Bg6 20. Bxc7 Rd7 21.
Be5 Nh5 22. Qh3 Nf6 23. Rf3 Qc6 24. Ref1 Rfd8 25. g4 Rf8 26. Qg3 Kh8 27. h4 h5
28. Bxf6 Bxf6 29. g5 Bd8 30. Qf2 Qb7 31. Qe2 Qb8 32. R1f2 Re7 33. Re3 Rfe8 34.
Rxe7 Rxe7 35. Qf3 Bc7 36. Kg2 Bh2 37. Qh3 Bf4 38. Nf3 Be4 39. Bc2 Bd5 40. Qf5
Bxf3+ 41. Rxf3 Re2+ 42. Rf2 Qb7+ 43. Kf1 Rxc2 44. Qxc2 Qh1+ 45. Ke2 Qxh4 46.
Qe4 Qg4+ 47. Qf3 Qe6+ 48. Kd1 Bxg5 49. Qxf7 Qe3 50. Qxh5+ Bh6 51. Rf8+ Kh7 52.
Qf5+ 1-0

[Event "XXVI Weekend Open FIDE"]
[Site "Robecchetto con Induno ITA"]
[Date "2015.07.26"]
[Round "5"]
[White "Carbone, Lorenzo"]
[Black "Fantina, Carla"]
[WhiteElo "1596"]
[BlackElo "1314"]
[Result "1/2-1/2"]
[PlyCount "45"]
[EventDate "2015.07.24"]

1. e4 d6 2. d4 Nf6 3. Bd3 g6 4. c3 Bg7 5. h3 O-O 6. Nf3 b6 7. O-O Bb7 8. Re1 c5
9. Na3 b5 10. Nxb5 Bc6 11. a4 a6 12. Na3 Qd7 13. Nc4 Qc7 14. a5 Nbd7 15. Qe2 e5
16. Nb6 Nxb6 17. axb6 Qxb6 18. dxe5 dxe5 19. Nxe5 Bb7 20. Bg5 Qc7 21. Bxf6 Bxf6
22. Ng4 Bg7 23. Bxa6 1/2-1/2

[Event "XXVI Weekend Open FIDE"]
[Site "Robecchetto con Induno ITA"]
[Date "2015.07.26"]
[Round "5"]
[White "Colombo, Ernesto"]
[Black "Colombo, Emanuele"]
[WhiteElo "1667"]
[BlackElo "1560"]
[Result "1/2-1/2"]
[PlyCount "132"]
[EventDate "2015.07.24"]

1. d4 d5 2. Nf3 e6 3. c4 c6 4. cxd5 exd5 5. g3 Bd6 6. Bg2 f5 7. Bg5 Nf6 8. e3
O-O 9. O-O Qe8 10. Qc2 Nbd7 11. Nc3 Ne4 12. Nxe4 fxe4 13. Nd2 h6 14. Bf4 Bxf4
15. exf4 Nf6 16. Rfe1 Qh5 17. f3 exf3 18. Bxf3 Bg4 19. Bxg4 Qxg4 20. Qb3 Rab8
21. Re5 Nd7 22. Re7 Rxf4 23. Qe3 Rf7 24. Re1 Rxe7 25. Qxe7 Qxd4+ 26. Qe3 Qxe3+
27. Rxe3 Kf7 28. Kf2 Re8 29. Rf3+ Nf6 30. Nb3 g5 31. h3 Ke7 32. Nc5 Ne4+ 33.
Nxe4 dxe4 34. Rf5 Ke6 35. Ra5 a6 36. Ke3 Kd6 37. Ra4 Kd5 38. Ra5+ b5 39. h4 g4
40. Rxa6 Rf8 41. Ra7 Rf3+ 42. Ke2 Rxg3 43. Rd7+ Kc5 44. Rh7 Rg2+ 45. Ke3 Rxb2
46. Rxh6 g3 47. Rg6 g2 48. h5 Rxa2 49. h6 Ra7 50. Rxg2 Rh7 51. Rg6 b4 52. Kxe4
Kb5 53. Kd3 c5 54. Kc2 c4 55. Kb2 Kc5 56. Kc2 Kd4 57. Rg4+ Kc5 58. Rg6 b3+ 59.
Kc3 Kb5 60. Rf6 Rd7 61. Rf5+ Ka4 62. Rf1 Rh7 63. Rf6 Ra7 64. Rf1 Rb7 65. Ra1+
Kb5 66. Rh1 Rh7 1/2-1/2

[Event "XXVI Weekend Open FIDE"]
[Site "Robecchetto con Induno ITA"]
[Date "2015.07.26"]
[Round "5"]
[White "Crestani, Sandro"]
[Black "Minore, Antonino"]
[WhiteElo "1633"]
[BlackElo "1283"]
[Result "1-0"]
[PlyCount "111"]
[EventDate "2015.07.24"]

1. c4 e6 2. g3 Nf6 3. Bg2 Be7 4. Nc3 c6 5. Nf3 O-O 6. O-O d6 7. d3 Bd7 8. a3
Na6 9. b4 b5 10. cxb5 cxb5 11. Nd4 Rb8 12. Bd2 Nc7 13. Rc1 e5 14. Nc6 Bxc6 15.
Bxc6 d5 16. e4 d4 17. Ne2 Qd6 18. f4 Ng4 19. fxe5 Nxe5 20. Bf4 Ne6 21. Bd5 Nxf4
22. Nxf4 Bg5 23. Qb3 Kh8 24. Rc2 Ng4 25. Rc6 Qe7 26. Qb2 Bf6 27. Qc1 Be5 28.
Qc5 Qxc5 29. Rxc5 Ne3 30. Rfc1 Bxf4 31. gxf4 Nxd5 32. Rxd5 Rfd8 33. Rcc5 Rxd5
34. Rxd5 a6 35. Rxd4 Kg8 36. Rd6 Ra8 37. Kf2 Kf8 38. Ke3 a5 39. Rb6 axb4 40.
axb4 g6 41. Rxb5 h5 42. Kf3 Ke8 43. Rd5 Rb8 44. b5 Rb7 45. h4 Rd7 46. Rxd7 Kxd7
47. f5 gxf5 48. exf5 f6 49. Ke4 Kd6 50. b6 Kc6 51. b7 Kxb7 52. Kd5 Kc7 53. Ke6
Kd8 54. Kxf6 Ke8 55. Kg7 Ke7 56. f6+ 1-0

[Event "XXVI Weekend Open FIDE"]
[Site "Robecchetto con Induno ITA"]
[Date "2015.07.26"]
[Round "5"]
[White "Dini, Marco"]
[Black "Ginosa, Romano Pierluigi"]
[WhiteElo "1440"]
[BlackElo "1622"]
[Result "1/2-1/2"]
[PlyCount "51"]
[EventDate "2015.07.24"]

1. d4 d5 2. Nf3 Nf6 3. e3 Bg4 4. c4 e6 5. a3 Nbd7 6. Be2 c6 7. O-O Bd6 8. Nbd2
O-O 9. Nh4 Bxe2 10. Qxe2 Ne4 11. Nhf3 f5 12. c5 Bc7 13. Ne1 e5 14. g3 Nef6 15.
f3 exd4 16. exd4 a5 17. Nb3 Re8 18. Qf2 a4 19. Nd2 b6 20. Nd3 bxc5 21. dxc5 Ne5
22. Nxe5 Bxe5 23. Re1 Rb8 24. Rb1 Rb5 25. b4 axb3 26. Rxb3 1/2-1/2

[Event "XXVI Weekend Open FIDE"]
[Site "Robecchetto con Induno ITA"]
[Date "2015.07.26"]
[Round "5"]
[White "Dubois, Thomas"]
[Black "Pizzolato, Roberto"]
[WhiteElo "1826"]
[BlackElo "1786"]
[Result "0-1"]
[PlyCount "56"]
[EventDate "2015.07.24"]

1. e4 d6 2. d4 Nf6 3. Nc3 e5 4. dxe5 dxe5 5. Bg5 Be7 6. Qxd8+ Bxd8 7. Nf3 Nbd7
8. Bd3 c6 9. O-O Bc7 10. Rad1 Nc5 11. Bxf6 gxf6 12. Be2 Be6 13. b4 Nd7 14. Nd2
Bb6 15. Nc4 Bd4 16. Nb1 Bxc4 17. Bxc4 Ke7 18. c3 Bb6 19. Bxf7 a5 20. Rd3 axb4
21. Rfd1 Nc5 22. Rg3 Kxf7 23. cxb4 Rhd8 24. Re1 Nxe4 25. Rf3 Rxa2 26. Rf1 Rxf2
27. R3xf2 Nxf2 28. Rxf2 Rd1# 0-1

[Event "XXVI Weekend Open FIDE"]
[Site "Robecchetto con Induno ITA"]
[Date "2015.07.26"]
[Round "5"]
[White "Foroni, Francesco"]
[Black "Vignati, Andrea"]
[WhiteElo "1836"]
[BlackElo "1524"]
[Result "1-0"]
[PlyCount "113"]
[EventDate "2015.07.24"]

1. b3 b6 2. Bb2 Bb7 3. e3 e6 4. Nf3 Nf6 5. Be2 g6 6. O-O Bg7 7. d4 O-O 8. Nbd2
d6 9. c4 Nbd7 10. Qc2 c5 11. Rfd1 Qc7 12. Rac1 Rac8 13. Qb1 Rfd8 14. Qa1 cxd4
15. Nxd4 Nc5 16. Nxe6 fxe6 17. Bxf6 Bxf6 18. Qxf6 Rf8 19. Qh4 Qg7 20. Bf3 Bxf3
21. Nxf3 Qb2 22. Ng5 Rc7 23. Ra1 Rd7 24. f4 Qc3 25. Qe1 Qg7 26. Qd2 Qe7 27. Qd4
h6 28. Ne4 Nxe4 29. Qxe4 Kg7 30. Qd4+ Kh7 31. Rac1 Rfd8 32. g3 e5 33. Qc3 exf4
34. exf4 d5 35. cxd5 Rxd5 36. Rxd5 Rxd5 37. Re1 Qd7 38. Qe3 Rd1 39. Kf2 Qd2+
40. Re2 Qd7 41. Qe7+ Kg8 42. Qxd7 Rxd7 43. Rc2 Kf7 44. Ke3 Kf6 45. h3 h5 46.
Rc6+ Kf5 47. g4+ hxg4 48. hxg4+ Kxg4 49. Rxg6+ Kf5 50. Rg8 Re7+ 51. Kf3 Rf7 52.
Rg5+ Kf6 53. Rd5 Re7 54. a4 Rc7 55. Rb5 Rc6 56. a5 a6 57. Rxb6 1-0

[Event "XXVI Weekend Open FIDE"]
[Site "Robecchetto con Induno ITA"]
[Date "2015.07.26"]
[Round "5"]
[White "Garcia Rubi, Juan"]
[Black "Ciochetta, Giovanni"]
[WhiteElo "1394"]
[BlackElo "1591"]
[Result "0-1"]
[PlyCount "144"]
[EventDate "2015.07.24"]

1. e4 e5 2. Nf3 Nf6 3. Nxe5 d6 4. Nf3 Nxe4 5. Qe2 Qe7 6. d3 Nf6 7. h3 Nc6 8.
Bg5 Nb4 9. Qxe7+ Bxe7 10. Kd2 h6 11. Be3 Nfd5 12. a3 Nc6 13. Nc3 Nxc3 14. bxc3
O-O 15. d4 Bf5 16. Bd3 Bg6 17. Rab1 b6 18. Rhe1 Bf6 19. c4 Na5 20. Ke2 Rae8 21.
Kf1 Re7 22. c5 dxc5 23. dxc5 Bc3 24. Red1 Bf6 25. Bxg6 fxg6 26. cxb6 axb6 27.
a4 Nc4 28. Rb3 Nxe3+ 29. Rxe3 Rxe3 30. fxe3 Ra8 31. Rd7 c5 32. Rb7 Rxa4 33.
Rxb6 Rc4 34. Ne1 Kf7 35. Ke2 Ra4 36. Nd3 c4 37. Nb2 Ra2 38. Nxc4 Rxc2+ 39. Nd2
Ra2 40. Kd1 g5 41. g4 Kg6 42. Ne4 Rh2 43. Nd2 Rxh3 44. e4 Kh7 45. Rb3 Rh4 46.
Rg3 Rh1+ 47. Ke2 Ra1 48. Rd3 Ra2 49. Kf3 Kg6 50. Nf1 Be5 51. Ng3 Bxg3 52. Kxg3
Kf6 53. Kf3 Ra6 54. Re3 g6 55. Kg3 Ke5 56. Kh2 Rf6 57. Rh3 Kxe4 58. Rxh6 Kf4
59. Kh3 Kf3 60. Rh7 Kf2 61. Rg7 Kf3 62. Rg8 Rf4 63. Rxg6 Rxg4 64. Rf6+ Rf4 65.
Rh6 g4+ 66. Kh2 Kf2 67. Kh1 g3 68. Rh2+ Ke3 69. Ra2 Kf3 70. Ra3+ Kg4 71. Ra1
Rd4 72. Re1 Rd2 0-1

[Event "XXVI Weekend Open FIDE"]
[Site "Robecchetto con Induno ITA"]
[Date "2015.07.26"]
[Round "5"]
[White "Gerthoffert, David"]
[Black "Marani, Luca"]
[WhiteElo "1710"]
[BlackElo "1839"]
[Result "0-1"]
[PlyCount "62"]
[EventDate "2015.07.24"]

1. e4 e5 2. Nf3 Nc6 3. Bc4 Bc5 4. c3 Nf6 5. d4 exd4 6. cxd4 Bb4+ 7. Bd2 Bxd2+
8. Nbxd2 d5 9. exd5 Nxd5 10. Qb3 Na5 11. Qa4+ Nc6 12. Ne5 O-O 13. Ndf3 Nb6 14.
Qd1 Nxc4 15. Nxc4 Re8+ 16. Ne3 Bg4 17. O-O Bxf3 18. Qxf3 Qxd4 19. Rfd1 Qxb2 20.
Rab1 Qxa2 21. Rxb7 Ne5 22. Qg3 c5 23. Nf5 Ng6 24. Qc3 Re5 25. Nd6 Rd8 26. Ra1
Qd5 27. g3 Qxd6 28. Raxa7 Re7 29. Qc4 Rxb7 30. Rxb7 Qd1+ 31. Kg2 Qd5+ 0-1

[Event "XXVI Weekend Open FIDE"]
[Site "Robecchetto con Induno ITA"]
[Date "2015.07.26"]
[Round "5"]
[White "Gil Ojeda, Jorge"]
[Black "Pivari, Flavio"]
[WhiteElo "1285"]
[BlackElo "1481"]
[Result "1-0"]
[PlyCount "83"]
[EventDate "2015.07.24"]

1. e4 c5 2. Nf3 d6 3. d4 cxd4 4. Nxd4 Nf6 5. Nc3 g6 6. Be3 Bg7 7. Be2 Nc6 8.
O-O a6 9. Nxc6 bxc6 10. f3 Rb8 11. Rb1 Bb7 12. Bd3 O-O 13. Qd2 d5 14. exd5 Nxd5
15. Nxd5 Qxd5 16. Bh6 Bd4+ 17. Be3 c5 18. b3 Bxe3+ 19. Qxe3 Qd4 20. Rfe1 Rfe8
21. Kh1 e5 22. Qxd4 exd4 23. Kg1 Re3 24. Rxe3 dxe3 25. Kf1 Re8 26. Ke2 Kg7 27.
Rd1 f5 28. Bxf5 gxf5 29. Rd7+ Kf6 30. Rxb7 h5 31. Rb6+ Re6 32. Rxe6+ Kxe6 33.
Kxe3 Ke5 34. f4+ Kd5 35. c4+ Kd6 36. a3 Kc6 37. b4 Kd6 38. Kd3 Kc6 39. Kc3 Kb6
40. Kb3 a5 41. b5 Kb7 42. Ka4 1-0

[Event "XXVI Weekend Open FIDE"]
[Site "Robecchetto con Induno ITA"]
[Date "2015.07.26"]
[Round "5"]
[White "Gil Ojeda, Lucia"]
[Black "Nava, Mario"]
[WhiteElo "1440"]
[BlackElo "1299"]
[Result "1/2-1/2"]
[PlyCount "101"]
[EventDate "2015.07.24"]

1. e4 c5 2. Nf3 e6 3. d4 cxd4 4. Nxd4 Nf6 5. Nc3 Nc6 6. Be3 Be7 7. Bd3 d6 8.
O-O Bd7 9. Qd2 Nxd4 10. Bxd4 e5 11. Be3 Ng4 12. h3 Nxe3 13. Qxe3 Bg5 14. Qe2
O-O 15. Rad1 Be6 16. Bc4 Bxc4 17. Qxc4 Rc8 18. Qd5 Rc6 19. Qd3 Kh8 20. Nb5 Be7
21. Nxa7 Ra6 22. Nb5 Rxa2 23. b3 Ra6 24. Rd2 Qb6 25. Rfd1 Rd8 26. c4 h6 27. Qd5
Kg8 28. g3 Bg5 29. Rd3 Ra2 30. Rf1 Be7 31. Rd2 Rxd2 32. Qxd2 Bg5 33. Qd5 Be7
34. Qd2 Qc5 35. Qd5 Qb6 36. Kh2 g6 37. f4 Qc6 38. Qxc6 bxc6 39. Na7 Ra8 40.
Nxc6 Ra2+ 41. Kg1 Bf8 42. fxe5 dxe5 43. Nxe5 Bc5+ 44. Kh1 Bd6 45. Nf3 Re2 46.
Re1 Rf2 47. Re3 Bc5 48. Rd3 Rf1+ 49. Kg2 Rf2+ 50. Kh1 Rf1+ 51. Kh2 1/2-1/2

[Event "XXVI Weekend Open FIDE"]
[Site "Robecchetto con Induno ITA"]
[Date "2015.07.26"]
[Round "5"]
[White "Lo Curto, Andrea"]
[Black "Clerici, Diego"]
[WhiteElo "1620"]
[BlackElo "1359"]
[Result "0-1"]
[PlyCount "48"]
[EventDate "2015.07.24"]

1. Nf3 Nf6 2. d4 g6 3. c4 Bg7 4. Nc3 d6 5. Bg5 O-O 6. e3 Bf5 7. Qb3 b6 8. Be2
Nbd7 9. O-O h6 10. Bh4 g5 11. Bg3 Re8 12. h4 g4 13. Nh2 h5 14. f3 e5 15. fxg4
Bxg4 16. Nxg4 hxg4 17. Qd1 Bh6 18. dxe5 Bxe3+ 19. Kh1 Nxe5 20. Bxe5 Rxe5 21.
Bxg4 Rb8 22. Qf3 Nxg4 23. Qxg4+ Kf8 24. Qg6 Qxh4# 0-1

[Event "XXVI Weekend Open FIDE"]
[Site "Robecchetto con Induno ITA"]
[Date "2015.07.26"]
[Round "5"]
[White "Macchiettini, Pierangelo"]
[Black "Puricelli, Giancarlo"]
[WhiteElo "1697"]
[BlackElo "1683"]
[Result "1/2-1/2"]
[PlyCount "87"]
[EventDate "2015.07.24"]

1. d4 b6 2. c4 Bb7 3. Nc3 e6 4. a3 Be7 5. e4 d6 6. Nf3 Nd7 7. Bd3 c5 8. d5 e5
9. O-O a6 10. Ne1 Ngf6 11. f4 exf4 12. Bxf4 Ne5 13. Bxe5 dxe5 14. Nf3 Bd6 15.
Qc2 Bc8 16. Be2 Nh5 17. Nxe5 Bxe5 18. Bxh5 Bxh2+ 19. Kxh2 Qh4+ 20. Kg1 Qxh5 21.
Qf2 O-O 22. Rae1 Qe5 23. Qf4 Qd4+ 24. Qe3 Qxc4 25. d6 Be6 26. Rd1 Rad8 27. e5
Qg4 28. Rd2 h6 29. Rf3 Qg5 30. Qf2 Qxe5 31. Re3 Qf5 32. Qxf5 Bxf5 33. Nd5 Be6
34. Nxb6 Rb8 35. Na4 Rb5 36. Re5 c4 37. Rxb5 axb5 38. Nc5 Rd8 39. Na6 Bf5 40.
Nc7 Bd7 41. Kf2 g5 42. Ke3 f5 43. g3 Kg7 44. Kf2 1/2-1/2

[Event "XXVI Weekend Open FIDE"]
[Site "Robecchetto con Induno ITA"]
[Date "2015.07.26"]
[Round "5"]
[White "Mantovan, Giuseppe"]
[Black "Mereghetti, Marco"]
[WhiteElo "1784"]
[BlackElo "1655"]
[Result "1-0"]
[PlyCount "53"]
[EventDate "2015.07.24"]

1. d4 Nf6 2. c4 g6 3. Nc3 d5 4. cxd5 Nxd5 5. e4 Nxc3 6. bxc3 Bg7 7. Be3 c5 8.
Nf3 Qa5 9. Qd2 Bg4 10. Rc1 O-O 11. Be2 Rd8 12. d5 Bxf3 13. Bxf3 c4 14. h4 Nd7
15. h5 Qa6 16. hxg6 Qxg6 17. Ke2 Nf6 18. Qc2 Ng4 19. Bd4 Nf6 20. Rh3 h5 21.
Rch1 Rxd5 22. Qb1 Rd7 23. Rg3 Ng4 24. Qb5 Bxd4 25. Qxd7 Bxf2 26. Rgh3 Qg5 27.
Bxg4 1-0

[Event "XXVI Weekend Open FIDE"]
[Site "Robecchetto con Induno ITA"]
[Date "2015.07.26"]
[Round "5"]
[White "Marchesotti, Giovanni"]
[Black "Corbelli, Daniele"]
[WhiteElo "1556"]
[BlackElo "1412"]
[Result "1/2-1/2"]
[PlyCount "37"]
[EventDate "2015.07.24"]

1. c4 e5 2. Nc3 Nf6 3. Nf3 Nc6 4. g3 d5 5. cxd5 Nxd5 6. Bg2 Nb6 7. d3 Be7 8.
Bd2 Be6 9. Rc1 Nd5 10. a3 Bf6 11. Ne4 Be7 12. Nc5 Bxc5 13. Rxc5 f6 14. Rc1 Nce7
15. e4 Nb6 16. Be3 Bg4 17. Bxb6 axb6 18. Qc2 c5 19. Nd2 1/2-1/2

[Event "XXVI Weekend Open FIDE"]
[Site "Robecchetto con Induno ITA"]
[Date "2015.07.26"]
[Round "5"]
[White "Neri, Massimo"]
[Black "Castoldi, Andrea"]
[WhiteElo "1711"]
[BlackElo "1392"]
[Result "1-0"]
[PlyCount "53"]
[EventDate "2015.07.24"]

1. e4 d6 2. Nc3 Nf6 3. d3 e5 4. g3 Nc6 5. Nge2 Be7 6. Bg2 Bg4 7. h3 Bd7 8. Be3
O-O 9. O-O a6 10. Qd2 b5 11. f4 exf4 12. Nxf4 Rb8 13. Ncd5 Nxd5 14. Nxd5 Ne5
15. g4 c6 16. Nxe7+ Qxe7 17. Bg5 f6 18. Bh4 Rbe8 19. a4 Be6 20. axb5 axb5 21.
Ra5 Ra8 22. Rfa1 Qb7 23. Qb4 c5 24. Qa3 b4 25. Qa4 Bd7 26. Qa2+ Kh8 27. Rxa8
1-0

[Event "XXVI Weekend Open FIDE"]
[Site "Robecchetto con Induno ITA"]
[Date "2015.07.26"]
[Round "5"]
[White "Panigoni, Giuseppe"]
[Black "Koureas, Panicos"]
[WhiteElo "1722"]
[BlackElo "1429"]
[Result "0-1"]
[PlyCount "114"]
[EventDate "2015.07.24"]

1. e4 e5 2. Nf3 Nc6 3. Bb5 d6 4. d4 exd4 5. Nxd4 Bd7 6. Nxc6 bxc6 7. Bd3 g6 8.
Nd2 Bg7 9. Nf3 h6 10. O-O Nf6 11. Be3 O-O 12. h3 Re8 13. Nd2 c5 14. c3 Rb8 15.
Rb1 Bc6 16. f3 Nd7 17. Re1 Ne5 18. Bc2 a5 19. Nf1 Qf6 20. Nh2 h5 21. Ba4 Bxa4
22. Qxa4 Nd3 23. Re2 Nf4 24. Rd2 Bh6 25. Re1 Qg5 26. Kh1 Qe5 27. Nf1 g5 28. Bg1
g4 29. hxg4 Qg5 30. g3 Ng6 31. Rd5 Re5 32. Be3 Qf6 33. Nd2 Bxe3 34. Rxe3 Rxb2
35. Nc4 Rb1+ 36. Kg2 Rxd5 37. exd5 hxg4 38. f4 Qh8 39. Qe8+ Nf8 40. Re1 Qh3+
41. Kf2 Qh2+ 42. Kf1 Qh1+ 43. Kf2 Qf3+ 44. Kg1 Qxg3+ 45. Kf1 Qxf4+ 46. Kg1
Rxe1+ 47. Qxe1 Qxc4 48. Qd2 Qe4 49. Qg5+ Qg6 50. Qe3 g3 51. Qd2 Qb1+ 52. Kg2
Qg6 53. c4 f5 54. Qf4 a4 55. Qh4 a3 56. Qxg3 Qxg3+ 57. Kxg3 Kf7 0-1

[Event "XXVI Weekend Open FIDE"]
[Site "Robecchetto con Induno ITA"]
[Date "2015.07.26"]
[Round "5"]
[White "Pattano, Antonio"]
[Black "Frignani, Alessandro"]
[WhiteElo "1263"]
[BlackElo "1403"]
[Result "0-1"]
[PlyCount "172"]
[EventDate "2015.07.24"]

1. c4 c5 2. Nc3 Nc6 3. Nf3 f6 4. e4 e5 5. d3 Nge7 6. Bd2 a6 7. Be2 g6 8. Nd5
Nxd5 9. exd5 Ne7 10. O-O d6 11. Bc3 b5 12. a3 Bd7 13. b3 Nf5 14. Qd2 a5 15. Bd1
Bh6 16. Qe1 b4 17. Bd2 O-O 18. Bxh6 Nxh6 19. a4 Qe7 20. h3 Qg7 21. Ra2 Rae8 22.
Re2 Bf5 23. Qd2 e4 24. Rfe1 Nf7 25. Re3 Bd7 26. Rxe4 Rxe4 27. Rxe4 Re8 28. Qe3
Qf8 29. Rxe8 Qxe8 30. d4 Qxe3 31. fxe3 Nh6 32. Bc2 Kf7 33. e4 Ke7 34. e5 dxe5
35. dxe5 Bf5 36. exf6+ Kxf6 37. Bxf5 Nxf5 38. Kf2 h6 39. g4 Nd6 40. Ke3 h5 41.
g5+ Kf5 42. h4 Kg4 43. Kf2 Nf5 44. Ne5+ Kxh4 45. Nd3 Kxg5 46. Nxc5 Nd6 47. Ne6+
Kf5 48. Ng7+ Ke5 49. Ke3 h4 50. Ne6 Ne4 51. Nf4 g5 52. Ng6+ Kf5 53. Ne7+ Kg4
54. Kxe4 h3 55. d6 h2 56. d7 h1=Q+ 57. Ke5 Qh8+ 58. Kd6 Qd8 59. Nc6 Qf6+ 60.
Kc7 Qf4+ 61. Kc8 Qf5 62. Ne7 Qf3 63. Nd5 Qxb3 64. d8=Q Qxc4+ 65. Nc7 b3 66.
Qd7+ Kg3 67. Qd6+ Kh4 68. Qh2+ Kg4 69. Qh1 Kf5 70. Qb1+ Qc2 71. Qf1+ Kg4 72.
Qg1+ Kh3 73. Qe3+ Kh2 74. Qe5+ Kh3 75. Qh8+ Kg4 76. Qd4+ Kf3 77. Qf6+ Ke2 78.
Qe6+ Kd1 79. Qd5+ Qd2 80. Qh1+ Kc2 81. Qe4+ Kb2 82. Qe5+ Ka2 83. Nb5 Qc2+ 84.
Nc3+ Kb2 85. Qxa5 Qxc3+ 86. Qxc3+ Kxc3 0-1

[Event "XXVI Weekend Open FIDE"]
[Site "Robecchetto con Induno ITA"]
[Date "2015.07.26"]
[Round "5"]
[White "Poletto, Daniele"]
[Black "Moroni, Luca"]
[WhiteElo "1712"]
[BlackElo "1821"]
[Result "1/2-1/2"]
[PlyCount "46"]
[EventDate "2015.07.24"]

1. c4 c5 2. Nc3 d6 3. e4 Nf6 4. g3 g6 5. Bg2 Bg7 6. Nge2 Nc6 7. O-O O-O 8. d3
Bg4 9. h3 Bd7 10. Be3 Rb8 11. Rb1 a6 12. a3 Qc8 13. Kh2 b5 14. cxb5 axb5 15. b4
Nd4 16. f4 Nxe2 17. Nxe2 cxb4 18. axb4 Bg4 19. Qd2 Bxe2 20. Qxe2 Qd7 21. d4
Rbc8 22. Rfc1 Rxc1 23. Rxc1 h5 1/2-1/2

[Event "XXVI Weekend Open FIDE"]
[Site "Robecchetto con Induno ITA"]
[Date "2015.07.26"]
[Round "5"]
[White "Ruggiero, Paolino"]
[Black "Madaschi, Sergio"]
[WhiteElo "1505"]
[BlackElo "1523"]
[Result "0-1"]
[PlyCount "112"]
[EventDate "2015.07.24"]

1. e4 c5 2. f4 Nc6 3. Nf3 d6 4. Bc4 e6 5. O-O g6 6. d4 cxd4 7. Nxd4 Qb6 8. f5
Qxd4+ 9. Qxd4 Nxd4 10. Na3 exf5 11. c3 Nc6 12. Nb5 Rb8 13. Bf4 Ne5 14. Bb3 a6
15. Nc7+ Kd7 16. Nd5 Ne7 17. Nf6+ Kd8 18. Rad1 N7c6 19. Bg5 Be7 20. exf5 Bxf5
21. Rfe1 Be6 22. Ne4 Bxg5 23. Nxg5 Bxb3 24. axb3 Kc7 25. Re2 h6 26. Ne4 Rbd8
27. Red2 Rhe8 28. Nf6 Re6 29. Nd5+ Kb8 30. Rf2 f5 31. Nf4 Rf6 32. b4 Ne7 33. b3
g5 34. Nh5 Rf7 35. Re2 N7c6 36. Ng3 f4 37. Ne4 Kc7 38. Rd5 Ne7 39. Rd1 Nf5 40.
c4 Ne3 41. Rd4 Nc6 42. Rdd2 Nxb4 43. Rd4 Nc6 44. Rd3 d5 45. cxd5 Rxd5 46. Rxd5
Nxd5 47. Nc5 Ne3 48. Rd2 Re7 49. Kf2 Ne5 50. h3 Nd7 51. Nd3 Re6 52. Ne1 Rd6 53.
Rb2 Ne5 54. g3 Nd3+ 55. Nxd3 Rxd3 56. gxf4 Nd1+ 0-1

[Event "XXVI Weekend Open FIDE"]
[Site "Robecchetto con Induno ITA"]
[Date "2015.07.26"]
[Round "5"]
[White "Schingaro, Angelo"]
[Black "Lo Curto, Davide"]
[WhiteElo "1719"]
[BlackElo "1615"]
[Result "1/2-1/2"]
[PlyCount "58"]
[EventDate "2015.07.24"]

1. e4 e5 2. Nf3 d6 3. d4 exd4 4. Nxd4 Nf6 5. Nc3 c5 6. Nf3 Nc6 7. Be2 Be7 8.
O-O O-O 9. h3 a6 10. a4 Be6 11. Bg5 h6 12. Bh4 Nxe4 13. Bxe7 Nxc3 14. Bxd8 Nxd1
15. Bc7 Nxb2 16. Bxd6 Rfd8 17. Bxc5 Bc4 18. Bxc4 Nxc4 19. Rfd1 b6 20. Bd4 Nxd4
21. Nxd4 Nb2 22. Rdb1 Rxd4 23. Rxb2 Rb8 24. Rab1 Rxa4 25. Rxb6 Rxb6 26. Rxb6 a5
27. Ra6 Rc4 28. Rxa5 Rxc2 29. Kf1 g5 1/2-1/2

[Event "XVII Festival A"]
[Site "Trieste ITA"]
[Date "2015.08.29"]
[Round "1"]
[White "Timmermans, Ivo"]
[Black "Baklan, Vladimir"]
[Result "0-1"]
[WhiteElo "2183"]
[BlackElo "2608"]
[PlyCount "76"]
[EventDate "2015.08.29"]

1. e4 c5 2. Nf3 d6 3. d4 cxd4 4. Nxd4 Nf6 5. Nc3 Nc6 6. Bg5 e6 7. Qd2 a6 8.
O-O-O Bd7 9. f3 Be7 10. Be3 h5 11. Kb1 Qc7 12. Bd3 Ne5 13. Rhe1 b5 14. f4 b4
15. Nce2 Nc4 16. Bxc4 Qxc4 17. e5 Ne4 18. Qd3 Qxd3 19. cxd3 Nc5 20. Ng1 dxe5
21. fxe5 O-O 22. Ngf3 Rfd8 23. Rd2 Be8 24. Rc1 Rd5 25. Ne2 Nxd3 26. Rcd1 Ba4
27. b3 Bb5 28. Bd4 Nc5 29. Nf4 Rdd8 30. Bxc5 Rxd2 31. Rxd2 Bxc5 32. Nxh5 Be3
33. Rd1 Rc8 34. Ng3 Rc3 35. Ne1 Bf4 36. Ne4 Re3 37. Nd6 Be2 38. Rc1 Bh5 0-1

[Event "XVII Festival A"]
[Site "Trieste ITA"]
[Date "2015.08.29"]
[Round "1"]
[White "Vovk, Andrey"]
[Black "Henrich, Thomas"]
[Result "1-0"]
[WhiteElo "2606"]
[BlackElo "2177"]
[PlyCount "55"]
[EventDate "2015.08.29"]

1. e4 e6 2. d4 d5 3. Nd2 Be7 4. Ngf3 Nf6 5. e5 Nfd7 6. c3 c5 7. Bd3 Nc6 8. O-O
g5 9. dxc5 g4 10. Nd4 Ndxe5 11. Be2 Bxc5 12. N2b3 Bd6 13. Bxg4 Rg8 14. Bh3 Qh4
15. Kh1 Ng4 16. Qe2 Kf8 17. f4 h5 18. Bd2 Bd7 19. f5 e5 20. Ne6+ fxe6 21. fxe6+
Ke7 22. exd7 Raf8 23. Be3 Kxd7 24. Nc5+ Kc8 25. Qd3 Bxc5 26. Bxc5 Rd8 27. Rf7
a6 28. Qh7 1-0

[Event "XVII Festival A"]
[Site "Trieste ITA"]
[Date "2015.08.29"]
[Round "1"]
[White "Sorbera, Giovanni"]
[Black "David, Alberto"]
[Result "0-1"]
[WhiteElo "2177"]
[BlackElo "2584"]
[PlyCount "78"]
[EventDate "2015.08.29"]

1. c4 Nf6 2. Nc3 e5 3. g3 Bb4 4. Bg2 O-O 5. e4 Bxc3 6. bxc3 Re8 7. Ne2 c6 8.
Qb3 Na6 9. Ba3 d6 10. O-O Be6 11. d4 b5 12. d5 Bg4 13. cxb5 Bxe2 14. Rfe1 Bxb5
15. c4 Rb8 16. cxb5 cxb5 17. Bb4 Nxb4 18. Qxb4 a5 19. Qd2 Nd7 20. f4 Qb6+ 21.
Kh1 b4 22. Rac1 Nc5 23. Rcd1 a4 24. f5 f6 25. g4 h6 26. h4 b3 27. axb3 axb3 28.
Re3 Kf7 29. Bf3 Rec8 30. Rb1 Qb4 31. Qb2 Na4 32. Qg2 b2 33. Kg1 Nc3 34. Rbe1
b1=Q 35. g5 hxg5 36. Bh5+ Kf8 37. hxg5 fxg5 38. Qxg5 Nxe4 39. Qh4 Nf6 0-1

[Event "XVII Festival A"]
[Site "Trieste ITA"]
[Date "2015.08.29"]
[Round "1"]
[White "Bosiocic, Marin"]
[Black "Jicman, Ligia-Letitia"]
[Result "1-0"]
[WhiteElo "2552"]
[BlackElo "2167"]
[PlyCount "83"]
[EventDate "2015.08.29"]

1. e4 c5 2. Nf3 Nc6 3. Bb5 g6 4. Bxc6 dxc6 5. h3 Bg7 6. d3 b6 7. O-O e5 8. a4
Qe7 9. a5 Rb8 10. axb6 axb6 11. c3 Nf6 12. Qa4 b5 13. Qc2 O-O 14. Re1 Nh5 15.
b4 cxb4 16. cxb4 Nf4 17. d4 Ne6 18. dxe5 Qxb4 19. Nbd2 Qc5 20. Qb1 Qb6 21. Nf1
Nc7 22. Ne3 Be6 23. Nf5 gxf5 24. exf5 Bxf5 25. Qxf5 c5 26. Be3 f6 27. Qc2 Ne6
28. exf6 Rxf6 29. Rad1 Rf7 30. Rd5 Qc6 31. Rh5 Bf8 32. Ne5 Qd5 33. Qe2 Rg7 34.
Ng4 Qb7 35. f4 Kh8 36. f5 Qf7 37. Ne5 Qb7 38. fxe6 c4 39. Nf7+ Kg8 40. Nh6+ Kh8
41. Bd4 Qe7 42. Nf5 1-0

[Event "XVII Festival A"]
[Site "Trieste ITA"]
[Date "2015.08.29"]
[Round "1"]
[White "Montilli, Vincenzo"]
[Black "Maiorov, Nikita"]
[Result "0-1"]
[WhiteElo "2165"]
[BlackElo "2552"]
[PlyCount "90"]
[EventDate "2015.08.29"]

1. Nf3 d5 2. c4 dxc4 3. e3 Nf6 4. Bxc4 e6 5. O-O a6 6. d4 c5 7. dxc5 Bxc5 8.
Qxd8+ Kxd8 9. Nbd2 Ke7 10. Nb3 Bd6 11. Bd2 b6 12. Bc3 Nbd7 13. Rfd1 Bb7 14. Be2
Rhc8 15. Nbd2 b5 16. Nb3 Bd5 17. Rac1 g6 18. Be1 Nb6 19. Rxc8 Rxc8 20. Rc1 Bc4
21. Bxc4 bxc4 22. Na5 Nfd5 23. Nd4 Kd7 24. a3 Be5 25. Bc3 Na4 26. e4 Ndxc3 27.
bxc3 Rc5 28. Nb7 Bxd4 29. Nxc5+ Bxc5 30. Kf1 Kc6 31. Ke1 Nb2 32. Rb1 Nd3+ 33.
Ke2 Nxf2 34. Kf3 Kc7 35. Kf4 f6 36. a4 g5+ 37. Kf3 g4+ 38. Kf4 h5 39. Kg3 Nxe4+
40. Kh4 Nxc3 41. Rc1 Bd4 42. Kxh5 f5 43. Kg6 Kc6 44. h4 gxh3 45. gxh3 Kd5 0-1